000 00540nam a22001577a 4500
999 _c191191
_d191191
005 20220823141604.0
010 _aAastha Saxena
020 _a9788193473467
_c395.00
100 _aRajagopalan,R.
245 _aEthics, Integrity And Aptitude/
_cR. Rajagopalan
260 _aGurugram
_bOakbridge
_c2018
270 _aM35,1st Floor,old DLF
_bGurugram
_e122002
300 _axxv,404p.
_c23cm.(pbk)
500 _aFor civil services main examination Glossary(page379-383) Model Q and A(page 385-395) Index(page 397- 404)
942 _2ddc
_cEN
_mRAJ